[Event "Qatar Masters Tiebreak"]
[Site "Doha"]
[Date "2015.12.29"]
[Round "1"]
[White "Carlsen, Magnus"]
[Black "Yu, Yangyi"]
[Result "1-0"]
[WhiteElo "2834"]
[BlackElo "2736"]
[Annotator "Sagar Shah/CB Website"]
[PlyCount "83"]
[EventDate "2015.12.29"]
[EventType "match (rapid)"]
[EventRounds "2"]
[EventCountry "QAT"]
[SourceTitle "CBM 170"]
[Source "ChessBase"]
[SourceDate "2016.01.15"]
[SourceVersion "1"]
[SourceVersionDate "2016.01.15"]
[SourceQuality "1"]

1. d4 Nf6 2. Bf4 {Magnus plays the London System in order to have an original
game without much theory.} d5 3. e3 e6 4. Nf3 a6 5. Bd3 c5 6. c3 Bd6 7. Bg3 Nc6
8. Nbd2 O-O 9. Ne5 Ne7 10. O-O b6 11. Bh4 Nf5 12. Bg5 h6 13. Bf4 Bb7 {The
players were playing good chess and logical moves, but somehow they were
taking a lot of time. After just 13 moves both were down to almost one and a
half minutes.} 14. h3 Be7 15. a4 Nd6 16. f3 Nd7 17. Qe2 Nf6 18. Bh2 Qc8 19.
Rac1 a5 20. g4 $1 {Carlsen starts a flank attack after securing his centre. Yu
Yangyi has been doing nothing much apart from shuffling his pieces, and hence
this is quite a logical follow up.} Qd8 21. Qg2 Nd7 22. f4 Rc8 23. Rce1 cxd4
24. exd4 Ba8 25. g5 $1 {A strong move. Carlsen notices that the queen on d8 is
overloaded in defending d7 and attacking g5. Also the bishop on h2 can come
into action after hxg5 fxg5.} hxg5 26. fxg5 Nxe5 27. Bxe5 (27. dxe5 d4 {
[%csl Ga8] There is absolutely no point in opening up the way for the monster
on a8.}) 27... Nc4 28. Nf3 Nxe5 29. Rxe5 Bd6 30. Re2 g6 31. Qg4 Kg7 32. h4 Rh8
{Simply unbelievable play by Magnus who executed the next move with just about
20 seconds on his clock!} 33. Rxe6 $3 fxe6 34. Qxe6 Qe8 35. Qxd6 Rc6 (35...
Qe3+ 36. Kg2 Qxd3 37. Qd7+ Kg8 38. Qxc8+ $18) 36. Qe5+ Qxe5 37. Nxe5 {The
position is completely winning for White.} Rxh4 38. Rf7+ Kg8 39. Ra7 Rc8 40.
Bxg6 Bc6 41. Bf7+ Kf8 42. Ng6+ {An excellent blitz game played by the World
Champion.} 1-0

[Event "Qatar Masters Tiebreak"]
[Site "Doha"]
[Date "2015.12.29"]
[Round "2"]
[White "Yu, Yangyi"]
[Black "Carlsen, Magnus"]
[Result "0-1"]
[WhiteElo "2736"]
[BlackElo "2834"]
[Annotator "Sagar Shah/CB Website"]
[PlyCount "32"]
[EventDate "2015.12.29"]
[EventType "match (rapid)"]
[EventRounds "2"]
[EventCountry "QAT"]
[SourceTitle "CBM 170"]
[Source "ChessBase"]
[SourceDate "2016.01.15"]
[SourceVersion "1"]
[SourceVersionDate "2016.01.15"]
[SourceQuality "1"]

1. d4 Nf6 2. c4 e6 3. Nc3 Bb4 4. Nf3 b6 5. e3 Bb7 6. Bd3 O-O 7. O-O c5 8. Na4
cxd4 9. exd4 Re8 10. a3 Bf8 11. Bf4 Bxf3 $1 {The most amazing thing about
Magnus is that he knows so much more than his opponents. While Yu Yangyi might
have seen this position in passing, Magnus had played it against Karjakin with
the white pieces and had come up with an improvement for Black i. e. to take
on f3 with his bishop. It's moves like these which win games. The opponent is
so surprised that you know something so deep even in this relatively unknown
position that he sometimes doesn't follow up in the best possible manner.} 12.
Qxf3 Nc6 13. d5 (13. Qh3 {was the best.} Nxd4 $2 14. Be5 $16) 13... exd5 14.
cxd5 Ne5 15. Qd1 $4 (15. Bxe5 Rxe5 16. Nc3 $11) 15... Nxd3 {[%cal Re4f4,Re4a4,
Ge8e4] When Magnus took this piece, Yu Yangyi sank into deep thought. He
thought for nearly three minutes. Of course for the first few seconds I was
trying to figure out what exactly is going on. Why isn't he recapturing on d3.
After all that is the only move. But then I saw ...Re4! which attacks both the
undefended pieces on f4 and a4 and realised that not only the game but also
the tournament was essentially over!} 16. Qxd3 Re4 {[%cal Re4f4,Re4a4] wins a
piece and hence Yu Yangyi resigned, giving Magnus the title of the second
Qatar Masters Open 2015.} 0-1

[Event "Tata Steel-A 78th"]
[Site "Wijk aan Zee"]
[Date "2016.01.17"]
[Round "2"]
[White "Carlsen, Magnus"]
[Black "Caruana, Fabiano"]
[Result "1/2-1/2"]
[WhiteElo "2844"]
[BlackElo "2787"]
[Annotator "Marin,M"]
[PlyCount "64"]
[EventDate "2016.01.16"]
[EventType "tourn"]
[EventRounds "13"]
[EventCountry "NED"]
[EventCategory "20"]
[SourceTitle "CBM 171"]
[Source "ChessBase"]
[SourceDate "2016.03.14"]
[SourceVersion "2"]
[SourceVersionDate "2016.03.14"]
[SourceQuality "1"]

1. g3 {By far not the main move in Carlsen's repertoire, but then the question
is whether the World Champion really has a main weapon with White. And it
surely is an excellent way to confuse a well prepared opponent from an early
stage.} g6 2. Bg2 Bg7 3. e4 {But only this is new in Carlsen's games.} ({
Three years earlier he transposed to a genuine English with} 3. Nf3 e5 4. O-O
c5 5. c4 Nc6 6. Nc3 Nge7 7. a3 {Carlsen,M (2868)-Nakamura,H (2775) Stavanger 
(blitz) 2013 (1-0, 62)}) 3... e5 4. Ne2 c5 5. d3 Nc6 6. Be3 d6 {Carlsen,M 
(2877)-Wojtaszek,R (2735) Tromso ol (Men) 41st 2014 (4.1) 1-0 The game finally
took the contours of the Closed Sicilian, an opening which Carlsen famously
used in} 7. Qd2 $5 {With the exception of a few games between lower rated
players, this is a novelty.} (7. Nbc3 Nge7 {would transpose to a genuine
Closed Sicilian, but Carlsen has other plans for his queenside development.})
7... Nd4 $146 ({Caruana obviously feared White's attack after} 7... Nge7 8. Bh6
O-O 9. h4) 8. c3 {In the Closed Sicilian White has to waste some time with
Nc3-d1 and Ne2-c1 before driving the enemy knight away from d4, while here he
has this plan on a plate.} (8. Nc1 {would be pushing things too far because of}
Bg4 {[%cal Gd4f3]}) 8... Nxe2 (8... Ne6 $6 {wastes too much time allowing
White to open the centre in his favour with} 9. d4) ({Actually White's last
move does not threaten to win a piece but after, say,} 8... Bg4 9. cxd4 cxd4
10. Nxd4 (10. Bg5 f6 11. Bh4 g5) 10... exd4 11. Bf4 Ne7 12. Na3 {White retains
the better structure and comfortable development.}) 9. Qxe2 Ne7 10. h4 {
This is the kind of move facing Black with a difficult choice of principle.} h6
$6 {This seems to be the least advisable reaction under the given
circumstances.} (10... O-O {exposes the king prematurely after} 11. h5 Be6 12.
Nd2 $14 {possibly followed by long castling.}) ({Caruana must have rejected
the principled} 10... h5 {because it causes problems with the thematic ...
f7-f5 due to weakening the g5-square. After the flexible} 11. Nd2 {White could
choose between a2-a3 followed by b2-b4 or 0-0-0 followed by opening the
kingside somehow (f2-f4 or f2-f3 followed by g3-g4.)}) 11. h5 g5 {If Black was
better developed, this would be the most ambitious continuation, aiming for
either ...f7-f5 or ...d6-d5. But the way it is it implies certain risk.} (11...
Be6 12. hxg6 fxg6 13. Bh3 $14) 12. f4 {This tempting move leads to sharp play,
offering Black more counterplay than Magnus must have thought.} ({The
developing} 12. Nd2 {would ensure White a plus without any risk.} Nc6 (12... f5
{only increases the force of} 13. f4 $16) (12... g4 13. O-O-O Be6 14. Kb1 Qd7
15. f4 gxf3 16. Nxf3 O-O-O 17. d4 $14) 13. Bh3 Bxh3 14. Rxh3 Qd7 15. g4 $14 {
[%cal Gd2f1,Gf1g3]}) 12... exf4 13. gxf4 gxf4 14. Bxf4 Nc6 15. Na3 {White has
the more compact and flexible structure and is better developed. Black's
prospects of bringing his king into safety are unclear yet, so in order to
compensate for all these drawbacks he needs making use of his main trump: the
control over the dark squares.} Be5 ({Leaving the e4-pawn without blocking can
have unpleasant consequences.} 15... Be6 16. O-O-O Bxa2 17. e5 Nxe5 (17... dxe5
18. Bxc6+ bxc6 19. Bxe5 $36) 18. d4 {[%cal Ge2b5]} cxd4 19. b3 $3 {[%csl Ga2]}
(19. cxd4 $2 Rc8+ 20. Nc2 O-O 21. dxe5 Bb3 22. Be4 Qa5 $36) 19... Bxb3 20. Qb5+
{[%cal Gb5b3]}) 16. Be3 Be6 ({Black should not hurry to fire his bullet too
soon with} 16... Bg3+ $6 17. Kd2 Be6 18. Bh3 $16) 17. Nc4 {Even though ...
b7-b5 needs some preparing, the knight is not too stable here, so things
become more and more concrete.} ({The point of the comment on the previous
line is that} 17. Bh3 $6 {allows} Qh4+ 18. Bf2 Bg3) ({The last move defends
the a2-pawn since after} 17. O-O-O Bxa2 18. Bh3 Qa5 {Black gets too much
counterplay:} 19. Qc2 Rb8 $1 (19... b5 20. d4 {[%csl Ga8,Gc6,Ge8]}) 20. d4 (20.
Rhg1 b5 21. d4 b4 $1 $40 {[%cal Gb8b2]}) 20... cxd4 21. cxd4 Bf6 $13) 17...
Bg3+ {This makes the position even sharper as the bishop is vulnerable here.} (
17... b5 {may not suffice for full equality, but is playable:} 18. Nxe5 Nxe5
19. d4 cxd4 20. cxd4 {[%csl Ge3,Gg2]} Nc4 21. O-O (21. Bf4 Qf6) 21... Nxe3 22.
Qxe3 Qg5 23. Qf3 $14) 18. Kd2 Qd7 {Over-defending the knight.} ({The position
is not ripe for} 18... b5 $2 {yet:} 19. e5 $1 Nxe5 20. Nxe5 Bxe5 21. Bxa8 Qxa8
22. Bxc5 $1 Bxc3+ 23. bxc3 dxc5 24. Qe5 $5 Qg2+ 25. Ke3 $18) 19. d4 cxd4 (19...
b5 20. d5 $1 {The critical answer.} (20. Na3 b4 21. Nc4 bxc3+ 22. bxc3 cxd4 23.
cxd4 Ne5 {is a largely improved version of the game continuation, because
Black has attacking space on the queenside.}) 20... bxc4 21. dxe6 fxe6 22. Qg4
Be5 23. Qg6+ Kd8 (23... Qf7 24. Raf1 Qxg6 25. hxg6 $16) 24. Bh3 Rb8 25. Rab1
Re8 26. Rhf1 $36) 20. cxd4 Ne5 $5 {A nice, yet insufficient, trick aimed at
changing the course of the game.} (20... O-O-O $2 21. d5 Bg4 22. dxc6 Bxe2 23.
cxd7+) (20... Ke7 {removes the threat d4-d5xc6xd7 with check, but leaves the
king exposed in the centre.} 21. Rac1 $5 $16 {[%csl Gc4][%cal Ge2f3]}) (20...
b5 21. Na3 b4 22. Nc4 $16) (20... d5 $2 21. exd5 Bxd5 22. Bxd5 Qxd5 23. Bf4+
Kf8 24. Bxg3 Qxc4 $2 25. Bd6+) 21. Nxe5 dxe5 22. d5 {White has a structural
advantage so Black needs to look for counterplay at any cost.} Bg4 (22... f5
23. Kc2 $1 Qc7+ (23... Rc8+ 24. Kb1 Bf7 25. Bh3 $18) 24. Kb1 Bd7 25. Qd3 $16)
23. Bf3 (23. Qd3 f5 24. exf5 Bxf5 25. Bh3 Bxd3 (25... Bxh3 26. Qg6+ Kd8 27.
Qf6+ Qe7 $11 28. Qxh8+ $2 Kd7 29. Qxa8 Qb4+ 30. Kc1 Bf5 $19) 26. Bxd7+ Kxd7 27.
Kxd3 Kd6 28. Ke4 Rag8) 23... Bxf3 24. Qxf3 Qb5 25. Rac1 $2 {Offering Black a
pawn and a lot of counterplay.} (25. Qxg3 $2 Qxb2+ 26. Kd3 Qb5+) (25. b3 $1 {
seems to keep all White's trumps, but after} Qb4+ {it takes clarity and
courage to play} 26. Kd3 $1 (26. Kc2 $2 Rc8+ {[%csl Gc3]}) (26. Kd1 Qc3 27. Ke2
Qc2+ 28. Bd2 Bf4 29. Qd3 Qxd3+ 30. Kxd3 Bxd2 31. Kxd2 Rc8 $14) 26... Bf4 (26...
Qb5+ 27. Kc2 Bf4 28. Bxf4 exf4 29. Rad1 $18) 27. Rac1 $5 Rg8 28. Rc4 Qa3 29.
Bxf4 exf4 30. Qxf4 Qxa2 31. Rhc1 Qxb3+ 32. R4c3 Qb5+ 33. Ke3 Qb6+ 34. Kf3 $16 {
The king has finally reached the desired safety and White can now start his
own attack, based on his superior coordination. Black's extra pawn does not
play any part at this stage.}) 25... Qxb2+ 26. Kd1 (26. Rc2 Qb4+ 27. Kd3 Qb5+
28. Rc4 Rc8 29. Rhc1 Rxc4 30. Rxc4 Qb1+ 31. Rc2 Rg8 $132 {After the exchange
of one rook, White does not have the pinning Rg1 anymore.}) 26... Bf4 27. Bxf4
exf4 28. Qxf4 Rg8 $132 29. Rf1 Qd4+ 30. Ke1 (30. Qd2 Qa4+ 31. Rc2 Rc8 32. Kc1
Rxc2+ 33. Qxc2 Qxc2+ 34. Kxc2 Rg5 $11) 30... Qb4+ 31. Kd1 Qd4+ 32. Ke1 Qb4+
1/2-1/2